Rozpoznaj herby polskich miast - Statystyki

Ogólne statystyki
  • Ten quiz został rozwiązany 138 razy
    59 od ostatniego zresetowania
  • Średni wynik to 20 z 25
Statystyki odpowiedzi
Obrazkowy Odpowiedź % Poprawnych
Gdańsk
98%
Szczecin
98%
Toruń
98%
Warszawa
98%
Gdynia
95%
Katowice
95%
Kraków
95%
Łódź
95%
Poznań
95%
Wrocław
95%
Białystok
88%
Kielce
88%
Bydgoszcz
83%
Zielona Góra
83%
Gorzów Wielkopolski
80%
Lublin
80%
Rzeszów
80%
Opole
78%
Olsztyn
73%
Sopot
73%
Częstochowa
61%
Kalisz
61%
Gniezno
59%
Płock
54%
Chorzów
46%
Nie znaleziono quizów pasujących do podanych kryteriów
Rozkład punktacji
Procent ludzi z każdym wynikiem
Percentyl według liczby udzielonych odpowiedzi
Twoja historia wyników
Nie rozwiązałeś tego quizu od ostatniego zresetowania